000 002780000a22001210004500
041 0 _aSPA
082 0 4 _aV 004
110 1 _aProducciones 5600
245 1 0 _aMundos Escondidos NÂș 4 : Rarezas Antiguas del Amazonas / ABC VIDEO
306 _a35 minutos
001 964
942 _cLGB
999 _c48141
_d48141